00990nam a2200241 a 450000100100000000500170001000800410002704000250006808200190009310000260011224500570013826000360019530000200023150000660025159000610031759000270037865000280040565000310043391000370046495201160050195201160061799900150073300000995420240412074214.0091002s1973 dr 000 p spa d aDO-SdBNPbspacBNPHU aRD861.4bD542d1 aDíaz, Bertha92490210aDe mis luces interiores :bpoemas /cBertaha Díaz. aSanto Domingo :bTaller,c1973. a67 p. ;c21 cm. aIncluye datos biográficos en del autor en la contracubierta aLa biblioteca posee 1 ejemplar autografiado por el autor aInventariado, 2019/MFF 0aPoesía dominicana966 0aLiteratura dominicana.967 aValidado. Control de calidad MFF 0010718PDaPDbPDcHDd2009-10-02iLF1l0oRD861.4 D542dp9954-10r2020-06-25w2020-06-25yLFPDZNo se presta 0010718PDaPDbPDcHDd2019-11-19iLF1l0oRD861.4 D542dp9954-30r2020-06-25w2020-06-25yLFPDZNo se presta c9713d9713